000 00305nam a2200109 a 4500
005 20200930080352.0
008 120418s1983 000 spa d
020 _a8400055292
245 3 _aLa concordancia gramatical en la lengua espaƱola hablada en Madrid.
260 _aMadrid,
_c1983.
999 _c36923
_d36923
040 _aDO-SdBNP